| 000 | 00792nam a2200277Ia 4500 | ||
|---|---|---|---|
| 003 | OSt | ||
| 005 | 20221007121845.0 | ||
| 006 | a|||||r|||| 00| 0 | ||
| 007 | ta | ||
| 008 | 221006b |||||||| |||| 00| 0 eng d | ||
| 020 | _a1402016336 (hbd) | ||
| 024 | _a1771 | ||
| 037 | _cTextual | ||
| 040 |
_aBDL _cBDL _beng |
||
| 041 |
_2eng _aeng |
||
| 082 | _aI21, P3 Carb | ||
| 100 |
_aSrivastava Sheela _9431221 |
||
| 245 | 0 |
_aUnderstanding bacteria _b Srivastava P.S. |
|
| 260 |
_aDordrecht _bKluwer Academic Publishers _c2003 |
||
| 300 |
_axvii.469p. _ccm. |
||
| 500 | _aIndex 409-468p | ||
| 650 |
_aBecteria _9550615 |
||
| 700 | _a Srivastava P.S. | ||
| 942 |
_hI21, P3 Carb _cTEXL _2CC |
||
| 999 |
_c1209447 _d1209447 |
||